Spôsob izolácie kyseliny 2,2-dimetyl-3-hydroxypropionovej

Bibliographic Details
Corporate Author: VUP (Prievidza, Slovensko) (Patent holder)
Other Authors: Chromá, Viola (Originator), Chromý, Dušan (Originator), Grolmus, Peter (Originator), Komora, Ladislav (Originator)
Format: Book
Language:Slovak
PhysicalDescription:4 s. 30 cm
Published: [Banská Bystrica] Úrad priemyselného vlastníctva SR [2015]
Subjects:

MARC

LEADER 00000cam a2200000 a 4500
001 vtls011466943
003 SK-MaSNL
005 20260301220012.0
008 160115s2015 xo j f000 0 slo
013 |a 288320  |b xo  |c patent  |d 20151119  |e dátum sprístupnenia patentu 
013 |a 54-2012  |e číslo prihlášky  |d 20120727  |e dátum podania prihlášky  |d 20140204  |e dátum zverejnenia prihlášky (Vestník ÚPV SR č.: 02/2014) 
015 |a SNBN2016 
040 |a SNK  |b slo  |c SNK  |e AACR2 
041 0 |a slo 
044 |a xo  |c SK 
072 7 |a 547  |x Organická chémia  |2 konspekt 
072 7 |a 66  |x Chemický priemysel. Chemická technológia  |2 konspekt 
080 |a 66  |2 2011 
080 |a 547  |2 2011 
080 |a 547.7  |2 2011 
084 |a C07C 51/00  |2 IPC 
084 |a C07C 59/00  |2 IPC 
084 |a C07C 53/00  |2 IPC 
245 0 0 |a Spôsob izolácie kyseliny 2,2-dimetyl-3-hydroxypropionovej  |c Ladislav Komora ... [et al.] 
260 |a [Banská Bystrica]  |b Úrad priemyselného vlastníctva SR  |c [2015] 
300 |a 4 s.  |c 30 cm 
650 0 7 |a chemická technológia  |2 SNKPH  |9 65015 
650 0 7 |a heterocyklické zlúčeniny  |2 SNKPH  |9 4112 
650 0 7 |a Chemical technology  |2 SNKPHeng  |9 265252 
650 0 7 |a organická chémia  |2 SNKPH  |9 851 
650 0 7 |a Organic chemistry  |2 SNKPHeng  |9 265251 
650 0 7 |a Heterocyclic compounds  |2 SNKPHeng  |9 321948 
655 7 |a patenty  |2 SNKPH  |9 177343 
655 7 |a patent licenses  |2 SNKPHeng  |9 303430 
700 1 |a Chromá, Viola  |4 org  |9 323455 
700 1 |a Chromý, Dušan  |4 org  |9 415373 
700 1 |a Grolmus, Peter  |4 org  |9 323463 
700 1 |a Komora, Ladislav  |4 org  |9 323462 
710 2 |a VUP (Prievidza, Slovensko)  |4 pth  |9 156803 
852 |a Štátna vedecká knižnica v Banskej Bystrici 
999 |c 930264  |d 932194 
952 |a SNK  |b SNK  |y PREZ  |7 0  |p 17A1177445  |o snkSK 288320  |i snk2016/1285  |8 0  |0 0  |1 0  |4 0  |d 2016-01-20  |l 0  |r 2026-02-24 08:46:06  |w 2026-02-24